She changes by intrigue (Record no. 207338)
[ view plain ]
| 000 -LEADER | |
|---|---|
| fixed length control field | 01298nam a2200337Ia 4500 |
| 100 1# - MAIN ENTRY--AUTHOR NAME | |
| Personal name | Rainford, Lydia, |
| 245 10 - TITLE STATEMENT | |
| Title | She changes by intrigue |
| 260 ## - PUBLICATION, DISTRIBUTION, ETC. (IMPRINT) | |
| Place of publication | Amsterdam ; |
| -- | New York, NY : |
| Name of publisher | Rodopi, |
| Year of publication | 2005. |
| 300 ## - PHYSICAL DESCRIPTION | |
| Number of Pages | 252 p. |
| 490 1# - SERIES STATEMENT | |
| Series statement | Genus--gender in modern culture, |
| 650 #0 - SUBJECT ADDED ENTRY--TOPICAL TERM | |
| Topical Term | Femininity (Philosophy) |
| Topical Term | Femininity in literature. |
| Topical Term | Feminist theory. |
| Topical Term | Irony. |
| 856 40 - ELECTRONIC LOCATION AND ACCESS | |
| Uniform Resource Identifier | http://site.ebrary.com/lib/rucke/Doc?id=10380437 |
No items available.
